000 00352 a2200157 4500
001 170456
020 _a
040 _cMagnum
100 _aGiovanni, Jose Ruy
240 1 0 _aAprendendo matematica novo - 5 serie
_lpor
245 1 0 _aAprendendo matematica novo - 5 serie
362 0 _a1899
440 1 _aFTD
697 _aPARADIDATICO
942 _cBK
999 _c170456
_d170456